Femmes et société dans la Grèce classique (notice n° 1568118)
[ vue normale ]
| 000 -LEADER | |
|---|---|
| fixed length control field | 01566cam a2200133 4500500 |
| 005 - DATE AND TIME OF LATEST TRANSACTION | |
| control field | 20251214004015.0 |
| 041 ## - LANGUAGE CODE | |
| Language code of text/sound track or separate title | fre |
| 042 ## - AUTHENTICATION CODE | |
| Authentication code | dc |
| 100 10 - MAIN ENTRY--PERSONAL NAME | |
| Personal name | Bernard, Nadine |
| Relator term | author |
| 245 00 - TITLE STATEMENT | |
| Title | Femmes et société dans la Grèce classique |
| 260 ## - PUBLICATION, DISTRIBUTION, ETC. | |
| Name of publisher, distributor, etc. | Armand Colin,<br/> |
| Date of publication, distribution, etc. | 2003.<br/> |
| 520 ## - SUMMARY, ETC. | |
| Summary, etc. | L'histoire des femmes suscite depuis quelques décennies l'intérêt des chercheurs et la curiosité du public. Portée par l'élan des années 1970, prolongée ensuite par des travaux plus méthodiques, c'est désormais un champ de recherche reconnu et prometteur. L'étude des femmes dans l'Antiquité classique présente des contraintes particulières : la modestie des témoignages et l'origine essentiellement masculine des sources disponibles sont des obstacles à surmonter. Cet ouvrage propose d'offrir des éclaircissements sur quelques questions majeures. Quelles sont les normes et les pratiques d'intégration des filles dans les cités ? Quels sont les attendus et les implications concrètes d'un mariage en termes de rapports conjugaux ou de sexualité ? Dans quels domaines les femmes exercent-elles leurs activités laborieuses ? Comment définir leurs relations à la vie publique, politique ou religieuse ? Autant de thèmes abordés dans ce livre qui met l'accent sur les distinctions sociales et juridiques, sur les disparités régionales et s'appuie sur une bibliographie française et anglo-saxonne récente. |
| 856 41 - ELECTRONIC LOCATION AND ACCESS | |
| Uniform Resource Identifier | <a href="https://shs.cairn.info/femmes-et-societe-dans-la-grece-classique--9782200262549?lang=fr&redirect-ssocas=7080">https://shs.cairn.info/femmes-et-societe-dans-la-grece-classique--9782200262549?lang=fr&redirect-ssocas=7080</a> |
Pas d'exemplaire disponible.




Réseaux sociaux